| 000 | 00703nam a22002657a 4500 | ||
|---|---|---|---|
| 003 | UA-OsUOA | ||
| 001 | 22282 | ||
| 007 | ta | ||
| 008 | 20031218b un ||||| |||| 00| 0 ukr d | ||
| 100 | _aКлепіков О. І. | ||
| 700 | _aКучерявий І. Т. | ||
| 090 |
_a159.929:331.021.4(07) _bК48 |
||
| 942 | _cBK | ||
| 040 |
_aUA-OsUOA _bukr _cUA-OsUOA _dUA-OsUOA |
||
| 245 |
_aОснови творчості особи _bНавчальний посібник |
||
| 300 | _a295 с. | ||
| 955 | _a0 | ||
| 041 | _aukr | ||
| 080 | _a159.929:331.021.4(07) | ||
| 020 | _a5-11-004658-1 | ||
| 260 |
_aКиїв _bВища школа _c1996 |
||
| 044 | _aUA | ||
| 650 | 7 | _2UDC | |
| 999 |
_c308498 _d308498 |
||